Handbook of differential equations ordinary differential equations Volume IV

Bibliographic Details
Other Authors: Battelli, Flaviano (Editor), Fečkan, Michal, 1960- (Editor)
Format: Book
Language:English
PhysicalDescription:xv, 702 strán grafy, obrázky 26 cm
Published: Amsterdam Boston Heidelberg London New York Oxford Paris San Diego San Francisco Singapore Sydney Tokyo Elsevier [2008]
ISBN:9780444530318
Edition:First edition
Subjects:

MARC

LEADER 00000nam a2200000 4500
001 vtls011859207
003 SK-MaSNL
005 20260302055502.0
008 210624s2008 ne da frf 001 0 eng
015 |a SNBZSA2020/06 
020 |a 9780444530318  |q (viazané) 
035 |a urn:nbn:sk:snk-am00emc0 
035 |a urn:nbn:sk:snk-am3ijn1 
035 |a C84C9F18-B71E-4798-AC06-5B88AEA5B6DC 
040 |a SNK  |b slo  |c SNK  |e rda 
041 0 |a eng 
044 |a ne  |c NL  |a xxu  |c US  |a gw  |c DE  |a xxk  |c GB  |a fr  |c FR  |a si  |c SG  |a at  |c AU  |a ja  |c JP 
072 7 |a 517  |x Matematická analýza  |2 konspekt 
080 |a 517.95  |2 2011 
080 |a (082)  |2 2011 
080 |a (035)  |2 2011 
245 0 0 |a Handbook of differential equations  |b ordinary differential equations  |n Volume IV  |c edited by Flaviano Battelli, Michal Fečkan 
250 |a First edition 
264 1 |a Amsterdam  |a Boston  |a Heidelberg  |a London  |a New York  |a Oxford  |a Paris  |a San Diego  |a San Francisco  |a Singapore  |a Sydney  |a Tokyo  |b Elsevier  |c [2008] 
264 4 |c ©2008 
300 |a xv, 702 strán  |b grafy, obrázky  |c 26 cm 
336 |a text  |b txt  |2 rdacontent 
337 |a bez média  |b n  |2 rdamedia 
338 |a zväzok  |b nc  |2 rdacarrier 
500 |a Dokument obsahuje zoznam prispievateľov na strane vii ; obsah 1., 2. a 3. dielu 
504 |a Bibliografia za jednotlivými príspevkami ; register autorov a vecný register 
650 0 7 |a parciálne diferenciálne rovnice  |2 SNKPH  |9 50108 
650 0 7 |a diferenciálne rovnice  |2 SNKPH  |9 63334 
650 0 7 |a Partial differential equations  |2 SNKPHeng  |9 342453 
650 0 7 |a Differential equations  |2 SNKPHeng  |9 332602 
655 7 |a zborníky  |2 SNKPH  |9 70165 
655 7 |a Papers of several authors  |2 SNKPHeng  |9 153738 
655 7 |a Handbooks, manuals, etc.  |2 SNKPHeng  |9 90964 
655 7 |a príručky  |2 SNKPH  |9 74364 
700 1 |a Battelli, Flaviano  |4 edt  |9 715993 
700 1 |a Fečkan, Michal,  |d 1960-  |4 edt  |9 233437 
919 |a 978-0-444-53031-8 
958 |a ZS 
958 |a NB 
999 |c 1117475  |d 1119405 
952 |a SNK  |b SNK  |y PREZ  |7 0  |p 17A1372861  |o snkSC 184762/4  |i snk2019/16620  |8 4  |g 174.87  |0 0  |1 0  |4 0  |d 2019-04-01  |f 1  |l 0  |r 2026-02-24 18:20:52  |w 2026-02-24